| 000 -LEADER |
| fixed length control field |
01168nam a22002297 4500 |
| 003 - CONTROL NUMBER IDENTIFIER |
| control field |
AR-BaISA |
| 005 - DATE AND TIME OF LATEST TRANSACTION |
| control field |
20240422151033.0 |
| 007 - PHYSICAL DESCRIPTION FIXED FIELD--GENERAL INFORMATION |
| fixed length control field |
ta |
| 008 - FIXED-LENGTH DATA ELEMENTS--GENERAL INFORMATION |
| fixed length control field |
230823s1960 ag |||| |||| 000 0 spa d |
| 040 ## - CATALOGING SOURCE |
| Language of cataloging |
spa |
| Transcribing agency |
AR-BaISA |
| 082 #4 - DEWEY DECIMAL CLASSIFICATION NUMBER |
| Edition number |
22 |
| Classification number |
150.195 R115 |
| 100 1# - MAIN ENTRY--PERSONAL NAME |
| 9 (RLIN) |
3035 |
| Personal name |
Racker, Heinrich |
| 245 10 - TITLE STATEMENT |
| Title |
Estudios sobre técnica psicoanalítica / |
| Statement of responsibility, etc. |
Heinrich Racker |
| 260 ## - PUBLICATION, DISTRIBUTION, ETC. |
| Place of publication, distribution, etc. |
Buenos Aires: |
| Name of publisher, distributor, etc. |
Paidós, |
| Date of publication, distribution, etc. |
[1960?] |
| 300 ## - PHYSICAL DESCRIPTION |
| Extent |
222 p. |
| 490 1# - SERIES STATEMENT |
| Serie |
Biblioteca de psicología profunda |
| 504 ## - BIBLIOGRAPHY, ETC. NOTE |
| Bibliography, etc. note |
Bibliografía p.: 223-226. |
| 505 ## - FORMATTED CONTENTS NOTE |
| Title |
Introducción a la técnica psicoanalítica -- |
| -- |
Sobre técnica clásica y técnicas actuales de psicoanálisis -- |
| -- |
Consideraciones sobre la teoría de la transferencia -- |
| -- |
Análisis de la transferencia a través de la relación del analizado con la interpretación -- |
| -- |
La neurosis de contratransferencia -- |
| -- |
Los significados y usos de la contratransferencia -- |
| -- |
Técnica analítica y el masoquismo inconsciente del analista -- |
| -- |
Técnica analítica y la manía inconsciente del analista -- |
| -- |
Contratransferencia e interpretación |
| 650 10 - SUBJECT ADDED ENTRY--TOPICAL TERM |
| 9 (RLIN) |
141 |
| Topical term or geographic name entry element |
Psicoanálisis |
| 830 #0 - SERIES ADDED ENTRY--UNIFORM TITLE |
| Uniform title |
Psicología profunda |
| 9 (RLIN) |
139 |
| 942 ## - ADDED ENTRY ELEMENTS (KOHA) |
| Source of classification or shelving scheme |
|
| Koha item type |
Libros |
| Edition |
22 |